00619 2200181 4500001002100000005001500021007000300036008003900039022001300078035002000091082001200111084001600123100003100139245013800170260007600308300004200384650001100426INLIS00000000000064020240801022729ta240801 | | |  a1981982X a0010-0824000005 a630.205 a630.205 ANA0 aAna Beatriz Mamedes Piffer1 aJournal ARE PAPAYA SEEDS AT DIFFERENT STAGES OF DEVELOPMENT EFFECTIVE IN CONTROLLING THE RED PALM MITE? /cAna Beatriz Mamedes Piffer aBrazil, São Paulo :bCentro Universitário da FEI, Revista RGSA,c2024 a1-13 hlm, :bilus, ;c21 cm X 29,5 cm 4aJurnal